La iniciativa emprendedora / (Registro nro. 49396)

Detalles MARC
000 -LEADER
fixed length control field 01362nam a2200289 4500
001 - CONTROL NUMBER
control field 0000016555
003 - CONTROL NUMBER IDENTIFIER
control field CO-CtgCURN
005 - DATE AND TIME OF LATEST TRANSACTION
control field 20250730222824.0
008 - FIXED-LENGTH DATA ELEMENTS--GENERAL INFORMATION
fixed length control field 160627s1999 000 0 eng d
020 ## - INTERNATIONAL STANDARD BOOK NUMBER
International Standard Book Number 842341681X
040 ## - CATALOGING SOURCE
Original cataloging agency CO-CtgCURN
Language of cataloging spa
Transcribing agency coctgcurn
082 0# - DEWEY DECIMAL CLASSIFICATION NUMBER
Classification number 658.42
Item number I54
245 03 - TITLE STATEMENT
Title La iniciativa emprendedora /
Statement of responsibility, etc. Amar Bhide .... [et al.] , traducción Ma. Elena Aparicio.
260 ## - PUBLICATION, DISTRIBUTION, ETC.
Place of publication, distribution, etc. Bilbao :
Name of publisher, distributor, etc. Deusto,
Date of publication, distribution, etc. 1999.
300 ## - PHYSICAL DESCRIPTION
Extent 234 p.
336 ## - CONTENT TYPE
Source rdacontent
337 ## - MEDIA TYPE
Source rdamedia
Media type term sin mediacion
Media type code n
338 ## - CARRIER TYPE
Source rdacarrier
Carrier type term volumen
Carrier type code nc
490 1# - SERIES STATEMENT
Series statement Harvard business review
500 ## - GENERAL NOTE
General note Titulo original. Harvard business review on entrepreneurship.
505 8# - FORMATTED CONTENTS NOTE
Formatted contents note Las preguntas que todo emprendedor ha responder.--Como confecciónar un excelente plan de negocio.--Como elaboran los emprendedores estrategias que funcionan.--Hitos para la planificacion exitosa de empresa de riesgos.--Estrategia y tactica analizadas por un inversionista de capital riesgo.--Financiacion autogenerada : el arte de las empresas de nueva creacion.--Comercializar tecnología : lo que hacen las mejores empresas
650 #0 - SUBJECT ADDED ENTRY--TOPICAL TERM
Topical term or geographic name entry element Administración de empresas.
700 1# - ADDED ENTRY--PERSONAL NAME
Personal name Aparicio, María Elena,
Relator term Traductor.
908 ## - PUT COMMAND PARAMETER (RLIN)
Put command parameter 160627
942 ## - ADDED ENTRY ELEMENTS (KOHA)
Koha item type Libros
Classification part 658.42
Item part I54
Source of classification or shelving scheme Dewey Decimal Classification
999 ## - SYSTEM CONTROL NUMBERS (KOHA)
-- 1
Existencias
Withdrawn status Lost status Source of classification or shelving scheme Damaged status Not for loan Collection Home library Current library Shelving location Date acquired Total checkouts Full call number Barcode Date last seen Price effective from Koha item type Public note
    Dewey Decimal Classification     General Miguel Henríquez Castañeda Miguel Henríquez Castañeda General 03/04/2019   658.42 I54 011537 03/04/2019 03/04/2019 Libros I54I54<>